The gate of days / (Record no. 1245)

MARC details
000 -LEADER
fixed length control field 01110cam a2200301 a 4500
005 - DATE AND TIME OF LATEST TRANSACTION
control field 20231123100126.0
020 ## - INTERNATIONAL STANDARD BOOK NUMBER
International Standard Book Number 9780439883764 (hardcover : alk. paper)
020 ## - INTERNATIONAL STANDARD BOOK NUMBER
International Standard Book Number 9780439883801
040 ## - CATALOGING SOURCE
Original cataloging agency DLC
Transcribing agency DLC
Modifying agency DLC
Language of cataloging eng
050 00 - LIBRARY OF CONGRESS CALL NUMBER
Classification number PZ7.P9246
Item number Gat 2009.
082 00 - DEWEY DECIMAL CLASSIFICATION NUMBER
Classification number 843.92
Edition number 22
100 1# - MAIN ENTRY--PERSONAL NAME
Personal name Prévost, Guillaume
245 14 - TITLE STATEMENT
Title The gate of days /
Statement of responsibility, etc. Guillaume Prévost ; translated by William Rodarmor.
250 ## - EDITION STATEMENT
Edition statement Arthur A. Levine Books hardcover ed.
260 ## - PUBLICATION, DISTRIBUTION, ETC.
Place of publication, distribution, etc. New York :
Name of publisher, distributor, etc. Scholastic,
Date of publication, distribution, etc. 2009
300 ## - PHYSICAL DESCRIPTION
Extent 249 pages :
Dimensions 20 cm
490 0# - SERIES STATEMENT
Series statement The Book of Time ;
Volume/sequential designation 2
505 ## - FORMATTED CONTENTS NOTE
Formatted contents note S <br/>
520 ## - SUMMARY, ETC.
Summary, etc. While seeking the seven magical coins that will allow him to reach his father, who is trapped in the castle of Vlad Tepes, Sam Faulkner travels to such places as ancient Delphi, a Stone Age cave, and 1930s Chicago.
521 ## - TARGET AUDIENCE NOTE
Target audience note 800 <br/>
Source Lexile <br/>
521 ## - TARGET AUDIENCE NOTE
Target audience note S <br/>
Source Raz-Plus <br/>
650 #1 - SUBJECT ADDED ENTRY--TOPICAL TERM
Topical term or geographic name entry element Time travel
Form subdivision Fiction.
650 #1 - SUBJECT ADDED ENTRY--TOPICAL TERM
Topical term or geographic name entry element Missing persons
Form subdivision Fiction.
700 1# - ADDED ENTRY--PERSONAL NAME
Personal name Rodarmor, William
Relator term translator
906 ## - LOCAL DATA ELEMENT F, LDF (RLIN)
a 7
b cbc
c orignew
d 1
e ecip
f 20
g y-gencatlg
942 ## - ADDED ENTRY ELEMENTS (KOHA)
Source of classification or shelving scheme Dewey Decimal Classification
Koha item type Books
Suppress in OPAC No
999 ## -
-- 1245
-- 1245
Holdings
Withdrawn status Lost status Source of classification or shelving scheme Damaged status Not for loan Collection Home library Current library Shelving location Date acquired Total Checkouts Full call number Barcode Date last seen Price effective from Koha item type
    Dewey Decimal Classification     Fiction Footprints International School Library Network Toul Kork Campus Footprints International School Library Network Toul Kork Campus TTP Secondary Fiction Bookshelves 08/09/2023   PRE 843.92 PZ7.P915 FISSE00191 01/16/2026 08/09/2023 Books